| 000 | 02041cam a2200421 i 4500 | ||
|---|---|---|---|
| 001 | 51972 | ||
| 003 | Mx-PuUPA | ||
| 005 | 20250724100113.0 | ||
| 008 | 140415s2015 mx ad gr 001 0 spa d | ||
| 020 |
_a9786070269943 _qrústica |
||
| 020 |
_a9786070269875 _qcolección rústica |
||
| 040 |
_aMx-PuUPA _bspa _cMx-PuUPA _dMx-PuUPA _erda |
||
| 041 | 0 | _aspa | |
| 043 | _an-mx--- | ||
| 245 | 1 | 0 |
_aRealidades y expectativas frente a la nueva vejez / _cLuis Miguel Gutiérrez Robledo ; Liliana Giraldo Rodríguez, coordinadores, editores de la compilación ; Marcela Agudelo Botero, César González-González, Mariana López Ortega, Raúl Hernán Medina Campos, César Luis Cárdenas Varela, autores |
| 246 | 1 | 3 |
_aRealidades y expectativas frente a la nueva vejez : _bencuesta nacional de Envejecimiento |
| 250 |
_aPrimera edición / _bagosto |
||
| 264 | 1 |
_aMéxico, D.F. : _bUniversidad Nacional Autónoma de México, _c2015 |
|
| 300 |
_a236 páginas : _bilustraciones, gráficas ; _c23 |
||
| 336 |
_2rdacontent _atexto _btxt |
||
| 337 |
_2rdamedia _asin medio _bn |
||
| 338 |
_2rdacarrier _avolumen _bnc |
||
| 490 | 0 |
_aLos mexicanos vistos por sí mismos. Los grandes temas nacionales ; _v7 |
|
| 650 | 1 |
_2armarc _aPersonas mayores _zMéxico _xCondiciones sociales _ySiglo XXI |
|
| 650 | 1 |
_2armarc _aPersonas mayores _zMéxico _xOpinión pública |
|
| 650 | 1 |
_2armarc _aEnvejecimiento _zMéxico _xEncuestas sociales |
|
| 700 | 1 |
_aGutiérrez Robledo, Luis Miguel, _ecoordinador _eeditor de la compilación _917324 |
|
| 700 | 1 |
_aGiraldo Rodríguez, Liliana, _ecoordinador _eeditor de la compilación |
|
| 700 | 1 |
_aAgudelo Botero, Marcela, _eautor |
|
| 700 | 1 |
_aGonzález-González, César, _eautor |
|
| 700 | 1 |
_aLópez Ortega, Mariana, _eautor |
|
| 700 | 1 |
_aMedina Campos, Raúl Hernán, _eautor |
|
| 700 | 1 |
_aCárdenas Varela, Cesar Luis, _eautor |
|
| 942 |
_2ddc _cLI _h305.260972 _iR28 |
||
| 999 |
_c51972 _d51972 |
||